Представление документа в формате RUSMARC

ПолеНазваниеЗначение
  Тип записи a
  Библиографический уровень m
001 Контрольный номер ef7963690e21409da0ab920b7b4add57
005 Дата корректировки 20181003163222.4
010 Индекс ISBN __
a ISBN 978-5-91131-632-7
100 Данные общей обработки __
a Данные общей обработки
101 Язык документа 0_
a Язык текста rus
a Язык текста rus
102 Страна публикации __
a Страна публикации RU
105 Кодированные данные (монография) __
a Кодированные данные (монография)
200 Заглавие и сведения об ответственности 1_
a Заглавие Инвестиции в инновации
e Сведения, относящиеся к заглавию учеб. пособие
f Первые сведения об ответственности К. В. Балдин, И.И. Передеряев, Р.С. Голов
b Общее обозначение материала Текст
210 Выходные данные 1_
a Место издания М.
c Издательство Дашков и К'
d Дата издания 2009
215 Физическое описание __
a Объем 237 с.
610 Ключевые слова 0_
a Ключевые слова инновационная деятельность
610 Ключевые слова 0_
a Ключевые слова экономическая эффективность
610 Ключевые слова 0_
a Ключевые слова оценка финансовых вложений
610 Ключевые слова 0_
a Ключевые слова методы оценки
610 Ключевые слова 0_
a Ключевые слова инновационная политика
610 Ключевые слова 0_
a Ключевые слова Б3 : Инвестиции
610 Ключевые слова 0_
a Ключевые слова Учебная литература : учебное пособие
686 Индексы других классификаций __
a Классификационный индекс 65.263
700 Автор _1
a Фамилия Балдин
b Имя К. В.
g Полное личное имя Константин васильевич
701 Альтернативная интеллектуальная ответственность _1
a Фамилия Передеряев
b Имя И.И.
g Полное личное имя Игорь Иванович
e Роль лиц Автор
4 Код отношения 070
701 Альтернативная интеллектуальная ответственность _1
a Фамилия Голов
b Имя Р.С.
g Полное личное имя Роман Сергеевич
e Роль лиц Автор
4 Код отношения 070
801 Источник записи _0
a Страна RU
b Организация РУК
c Дата составления 20181003
g Правила каталогизации PSBO
852 Данные о местонахождении __
i Авторский знак Б20
j Шифр хранения ББК 65.263
901 Тип документа __
t Тип документа m
937 Технологическая информация __
a Создатель записи (имя) Зоткина
938 Служебная информация __
a Название организации Владимирский филиал
952 Тип литературы __
c Вид литературы учебное пособие